000 00743nam a22001817a 4500
005 20260330105911.0
008 260330b |||||||| |||| 00| 0 eng d
082 _aUT 1569 An876 2021
100 _aAntiola, Marcel Gay U.
_970362
245 _aExperience and pedagogies of special education teachers in teaching language /
_cMarcel Gay U. Antiola, Cherry Ann A. Legaspi, and Mary Rose Lopez.
260 _aDigos City:
_bUMDC,
_c©July 2021
300 _avii,109 pages :
_billustration (some colors) :
_c 30 Cm.
500 _aIncludes references and appendices
650 0 _aeducation
_xUndergraduate thesis.
_970363
700 _aLegaspi, Cherry ann A.
_eresearcher.
_970364
700 _aLopez, Mary Rose
_eresearcher.
_970365
942 _2ddc
_cUT
999 _c24545
_d24545